| 000 | 00351nam a2200133Ia 4500 | ||
|---|---|---|---|
| 008 | 250604s9999 xx 000 0 und d | ||
| 082 | _a891.439 SIR | ||
| 100 | _aSiraj, Naseema Binte | ||
| 245 | 0 | _aBecharey (بیچارے) | |
| 260 |
_aKarachi: _bKhawaja Printers and Publishers, _c2005 |
||
| 300 | _axii, 240p. | ||
| 600 | _aLiterature | ||
| 942 | _cGB | ||
| 999 |
_c31391 _d31391 |
||